000 00629nam a22001937a 4500
999 _c196576
_d196576
005 20230717124134.0
010 _aUR-12071
020 _a9789383239399
_c60.00
035 _aU-10626
037 _bDBAD/PUB
082 _a841
100 _aقطب الد ین شجاع
245 _aپیام فکر و تد بّر /
_cقطب الد ین شجاع
246 _aPayam-e-Fikr-o Tadabbur /
_bby Qutbuddin Shuja
260 _aNew Delhi
_bApplied Books
_c2016 ء
270 _a1739/10, New Kohinoor Hotel, Pataudi House, Darya Ganj
_bNew Delhi
_e2
300 _a80 ص
_c21cm(pbk)
942 _2ddc
_cUR
_h841
_mق ط ب